000 01307cam a2200373 i 4500
001 68842
003 Mx-PuUPA
005 20221118122024.0
008 221014s2009 mx a gr 000 0 spa d
020 _a9786074716832
020 _a9789706889423
_qde la colección Los piratas de El barco de vapor
040 _aMx-PuUPA
_bspa
_cMx-PuUPA
_dMx-PuUPA
_erda
041 0 _aspa
100 1 _910753
_aIstvansch,
_d1968-
_eautor
_eilustrador
245 1 0 _aAbel regala soles /
_cIstvansch
250 _aPrimera edición
264 1 _aCiudad de México :
_bSM de Ediciones,
_c2009
300 _a31 páginas :
_bilustraciones ;
_c19 cm
336 _2rdacontent
_atexto
_btxt
336 _2rdacontent
_aimagen fija
_bsti
337 _2rdamedia
_asin medio
_bn
338 _2rdacarrier
_avolumen
_bnc
490 1 _aEl barco de vapor. Los piratas ;
_v17 M
521 0 _aPara empezar a leer.
650 7 _2armarc
_aNiños autistas
_xLiteratura infantil
650 7 _2armarc
_aAutismo
_xLiteratura infantil
650 7 _2armarc
_aCuentos infantiles
830 0 _aBarco de vapor
_pLos piratas
_v17 M
942 _2ddc
_cLI
_h808.0683
_iB2617
999 _c68842
_d68842